عرض عادي
عرض مارك
- Ashwood, Edward R.,
مدخل إسم شخص
001 - رقم الضبط
- حقل الضبط: 36166
003 - معرف رقم الضبط
- حقل الضبط: OSt
005 - تاريخ ووقت أخر عملية
- حقل الضبط: 20130625124141.0
008 - عناصر بيانات ثابتة الطول
- حقل تحكم ثابت الطول: 130625|||a|||||| | ||| d
040 ## - مصدر الفهرسة
- هيئة الفهرسة الأصلية: OSt
- وكالة الكتابة: OSt
100 ## - مدخل -- أسم شخص
- إسم شخص: Ashwood, Edward R.,
- تواريخ مرتبطة بالاسم: 1953-
670 ## - بيانات المصدر موجوده
- الاستشهاد بالمصدر: Work cat.: (OSt)0: Tietz textbook of clinical chemistry and molecular diagnostics /, c2013.
